01522nam a2200289 a 4500001001000000005001700010008004100027041000800068044000800076084002000084100004500104245012100149250000600270260003000276300002200306500025600328500016900584500012800753500008000881500001000961546002400971650005200995650005601047650003401103650004501137740005001182BRCA_321820190320204153.0030309s1770----enka---###---#000-0#eng-# aeng aenk a519b.S77c17701 aCervantes Saavedra, Miguel ded1547-161610aThe History and Adventures of the Renowned Don QuixotecTranslated from the Spanish of Miguel de Cervantes Saavedra. a4 aLondresbW. Strahanc1770 a4 v.bil.c18 cm. aContenido : v.1. Primera parte. Vida de Cervantes. Advertencia de Smollett. Prólogo del autor. -- v.2. Primera parte. Texto. -- v.3. Segunda parte. Prólogo del autor. Aprobaciones y licencia de la edición príncipe. -- v.4. Segunda parte. Texto aEdición : To Which is Prefixed, some Account of the Author´s Life by T. Smollett, Illustrated with 28 new Copper-Plates designed by Hayman and Elegantly Engraved aCuarta edición de la traducción de Smollett, copia de la tercera, publicada en 1765, por Osborne. Piel Lúdovik Osterc aEstado físico : Las cubiertas de todos los volumenes están desprendidas aQM780 aTexto en : inglés14aNovela españolayÉpoca clásica, 1500-170014aLiteratura españolayÉpoca clásica, 1500-170014aNovela españolaySiglo XVII14aDon Quijote (Personaje ficticio)eNovela0 aEl Ingenioso Hidalgo Don Quijote de la Mancha